000 00770nam a2200241 i 4500
001 17294
003 ES-MaACL
005 20230906151537.0
007 t|
008 010125s1995 sp |||| | spa j
020 _a84-7954-269-1
080 _a613.88
100 1 _aLópez Baralt, Luce.
_973436
245 1 3 _aUn Kama Sutra español
_b: el primer tratado erótico de nuestra lengua : (MSS.S-2 Brah Madrid y Palacio 1767) /
_cLuce López-Baralt.
250 _a1ª ed.
260 _aMadrid :
_bLibertarias/Prodhufi,
_c1995.
300 _a176 p. ;
_c20 cm.
490 1 _aTres de cuatro soles ;
_v36
650 4 _aErotismo-
_vObras anteriores a 1800.
_9160656
830 0 _aTres de cuatro soles ;
_v36
_9178061
852 _aES-MaACL
_jL-24120
999 _c17294
_d17294